El búho que no podía ulular / (Registro nro. 10152)

Detalles MARC
000 -LIDER
fixed length control field 00799nam a22002777a 4500
001 - NÚMERO DE CONTROL
Identificador de número de control 002563
003 - IDENTIFICACDOR DE NÚMERO DE CONTROL
control field DO-SdBNP
005 - DATE AND TIME OF LATEST TRANSACTION
control field 20180223131524.0
007 - CAMPOS FIJOS DE DESCRIPCIÓN FÍSICA
fixed length control field 002563
008 - ELEMENTOS DE LONGITUD FIJA
fixed length control field 160517 2006 sp a 0 spa d
020 ## - ISBN
International Standard Book Number 8477206856
040 ## - FUENTE DE CATALOGACIÓN
Agencia que crea de manera original el registro BPMSU
Idioma de catalogación spa
Agencia que realiza la transcripción BPMSU
082 #4 - NÚMERO DE CLASIFICACIÓN DECIMAL DE DEWEY
Classification number xxx
Item number xxx
100 1# - ASIENTO PRINCIPAL -- NOMBRE PERSONAL
Nombre personal Fisher, Robert
245 13 - MENCIÓN DE TITULO
Título El búho que no podía ulular /
Mención de responsabilidad Robert Ficher y Beth Kelly ; traducción Verónica d´Ornellas
250 ## - MENCIÓN DE EDICION
Mención de edición 36a. ed.
260 ## - PUBLICACIÓN, DISTRIBUCIÓN, ETC. (PIE DE IMPRENTA)
Lugar de publicación, distribución, etc Santo Domingo :
Nombre del editor, distribuidor, etc. Ediciones Obelisco,
Fecha de publicación, distribución, etc 2006.
300 ## - DESCRIPCIÓN FÍSICA
Extensión 99 p. :
Otros detalles físicos il. ;
Dimensiones 21 cm.
490 0# - MENCIÓN DE SERIES
Mención de serie Nueva conciencia
700 1# - ASIENTO SECUNDARIO -- NOMBRE PERSONAL
Nombre personal Kelly, Beth
700 1# - ASIENTO SECUNDARIO -- NOMBRE PERSONAL
Nombre personal d´Ornellas, Verónica
Mención de responsabilidad trad.
830 #0 - ASIENTO SECUNDARIO DE SERIE--TÍTULO UNIFORME
Título uniforme Nueva conciencia
942 ## - ADDED ENTRY ELEMENTS (KOHA)
Source of classification or shelving scheme Dewey Decimal Classification
Koha item type Libros
945 ## - INFORMACIÓN DE PROCESAMIENTO LOCAL
Información de procesamiento local Inventariado, 2018/ YL
956 ## - LOCAL ELECTRONIC LOCATION AND ACCESS (OCLC)
Nombre de host VMATEO
Número de acceso 10
Información de compresión 20160517
Trayectoria BPMSU
Nombre Electrónico 0069
Existencias
Withdrawn status Lost status Source of classification or shelving scheme Damaged status Not for loan Collection code Home library Current library Date acquired Source of acquisition Total Checkouts Full call number Barcode Date last seen Price effective from Koha item type
    Dewey Decimal Classification     Colección Infantil General Biblioteca Pública Metropolitana Salomé Ureña Biblioteca Pública Metropolitana Salomé Ureña 05/17/2016 FUNDI   xxx xxx BPMSU16050363 05/17/2016 05/17/2016 Libros